000 00762nam a2200205Ii 4500
003 JO-AjNU
008 230605s9999||||xx |||||||||||||| ||und||
017 _a1996/2/240
040 _aJO-AjNU
_bara
_erda
_cJO-AjNU
041 _aara
050 1 4 _aTH153.M3512 1996
100 3 _aحماد، رزق نمر شعبان,
_eauthor
_97960
245 0 0 _aالدليل الهندسي في التصميم والمساكن والمباني في المناطق المدارية
264 3 1 _aعمان:الجامعة الاردنية ، 1996
300 _a473ص
336 _atext
_btxt
_2rdacontent
337 _aunmediated
_bn
_2rdamedia
338 _avolume
_bnc
_2rdacarrier
650 4 _aالمباني-المناطق المدارية-المباني-المساكن
_97961
999 _aA543
_c4111
_d4111